000 00328nam a2200133Ia 4500
008 220216s9999 xx 000 0 und d
245 0 _aKuala Lumpur rubber road trials
260 _bRubber Developments
_c1949
300 _a8-Jul
650 _aKuala Lumpur
650 _aRoad trials
650 _aRubberised road
942 _cJS
999 _c61893
_d61893